1300 1902 1563 1257 1400 1141 1028 1116 1340 1005 1965 1012 1261 1231 1132 1942 1477 1423 1663 1572 1919 1095 1058 1923 1561 1177 1065 1544 1322 1037 1159 1886 1823 1676 1989 1550 1962 1855 1857 1419 1706 1944 1786 1098 1261 1561 1114 1056 1756 1423 1982 1652 1618 1964 1284 1893 1979 1761 1322 1872 1995 1004 1881 1045 1794 1381 1441 1718 1540 1533 1063 1814 1261 1807 1434 1167 1111 1538 1233 1628 1051 1803 1041 1552 1202 1405 1510 1307 1795 1354 1792 1658 1694 1895 1779 1956 1530 1323 1279 BCNSPRNW ULIB Ver.6.0+V

เปลี่ยนเป็นภาษาไทย

Change to English
 แสดงรายละเอียดบรรณานุกรม
  กลับหน้าหลัก

Brief Record : Get Marc (ISO 2709) : E-mail record : QR code < ปิดหน้าต่าง
LEADER : 00000nam 2200000uu 4500
001    13399108805
003     ULIB
008    110315s2551||||th 000 0 tha d
020    7989741034352
060  4 W50^bพ349บ 2551
100 0  พระพรหมคุณาภรณ์(ป.อ.ปยุตโต)
245 00 บาปไฮเทคดัดแปลงชีวิตฝืนลิขิตธรรมชาติ/^cโดย,พระพรหมคุณาภรณ์(ป.อ.ปยุตโต),เชิดชัย เลิศจิตรเลขา,อรุณ บุญชม
250    พิมพ์ครั้งที่ 1
260    กรุงเทพฯ:^bกรีน-ปัญญาญาณ,^c2551
300    184 หน้า
650  7 โคลนนิ่ง
650  7 เสต็มเซลล์
650  7 ตัดต่อยีน
650  7 จีโนม
700 0  เชิดชัย เลิศจิตรเลขา
700 0  อรุณ บุญชม
945    ^p129^l0^i025097
995    ทศพร
999 ^a ใช้งานได้ทุกระบบ
รายการนี้ยังไม่มีแท็ก
คุณยังไม่ได้ล็อกอิน คุณสามารถมีกิจกรรมร่วมกับเว็บไซต์ได้ แต่ต้องล็อกอินก่อน ::
  ล็อกอิน

รายการสื่อสารสนเทศ

ลำดับที่ ประเภท เลขเรียก/บาร์โค้ด สถานที่ สถานะ
- ไม่พบข้อมูล -

รายการใกล้เคียง
    ผู้แต่ง [พระพรหมคุณาภรณ์(ป.อ.ปยุตโต)]

    หัวเรื่อง [โคลนนิ่ง]
    หัวเรื่อง [เสต็มเซลล์]
    หัวเรื่อง [ตัดต่อยีน]
    หัวเรื่อง [จีโนม]

BibComment


ยังไม่เคยถูกคอมเมนท์

คอมเมนท์ทรัพยากรรายการนี้
  คอมเมนท์: บาปไฮเทคดัดแปลงชี..


 Copyright 2026. Bcnsprnw @Library